000 00404nam a2200157Ia 4500
008 240729s9999 xx 000 0 und d
022 _a1466-1861
245 0 _aMediators of Inflammation
260 _aUnited Kingdom
260 _bHindawi Limited
650 _a Pathology
650 _aMedicine
856 _uhttps://doaj.org/toc/21ba5e42f0c0462d996660b6a5aa8ee6
942 _2ddc
942 _cDOAJEJ
999 _c71514
_d71514
945 _a1
_bMadushi Gamage
_c1
_dMadushi Gamage